Three Word Countries - Statistics

General Stats
  • This quiz has been taken 20 times
  • The average score is 28 of 30
Answer Stats
Hint Country % Correct
29) Messi, Iguazu Falls, Ushuaia Argentina
100%
3) Pele, Sugarloaf, Amazon Brazil
100%
26) Kobe beef, Fuji, Sushi Japan
100%
11) Samsung, Hyundai, Blackpink South Korea
100%
14) Moules Frites, Waffles, Flanders Belgium
95%
24) Shakira, Cali, Arepas Columbia
95%
7) Legoland, Hamlet, Jutland Denmark
95%
2) Sauna, Suomi, Lapland Finland
95%
22) Brandenburg, Bundesliga, Oktoberfest Germany
95%
28) Sparta, Baklava, Acropolis Greece
95%
15) Bjork, Hallgrimskirkja, fjords Iceland
95%
18) Rastafari, Bob Marley, Oxtail Jamaica
95%
17) Tequila, tacos, Aztecs Mexico
95%
30) Windmills, Anne Frank, The Hague Netherlands
95%
19) Thor, Svalbard, fjords Norway
95%
20) Vampires, Transylvania, Leu Romania
95%
6) Mecca, Hajj, the Line Saudi Arabia
95%
13) Baht, Phuket, Ko Samui Thailand
95%
5) Billabong, Qantas, Dingos Australia
89%
16) Tim Hortons, poutine, mounties Canada
89%
4) Guinness, Harp, Emerald Ireland
89%
9) Andes, Incas, Sol Peru
89%
21) Stroganoff, Tsar, St Basils Russia
89%
8) Banks, Matterhorn, chocolate Switzerland
89%
23) Kurds, Hagia Sophia, Cappadocia Turkey
89%
1) Goulash, Magyar, Forint Hungary
84%
10) Hebrew, Shekel, Knesset Israel
84%
12) Petronas, Nasi Lemak, Laksa Malaysia
84%
27) Grand Prix, Prince, French Riviera Monaco
84%
25) Canal, isthmus, Balboa Panama
74%
No matching quizzes found
Score Distribution
Percent of People with Each Score
Percentile by Number Answered
Your Score History
You have not taken this quiz